000 00615nam a2200205 u 4500
005 20241129063743.0
008 121019s2007 mx r 000 0 spa d
020 _a9789681684501
035 _aUPN01000187754
049 _aI
050 4 _aPQ7298.41 M3.7
_bA9.4
100 1 _aAmara, Luigi,
_d1971-
_930792
245 1 4 _aLas aventuras de Max y su ojo submarino /
_cLuigi Amara ; il. Jonathan Farr.
260 _aMéxico :
_bFCE,
_c2007.
300 _a61 p. :
_bil.
440 4 _aLos especiales de A la orilla del viento
650 4 _aPoesía infantil mexicana
_91260
905 _aInfantil
999 _c159857
_d159857